000 00418nam a2200157Ia 4500
008 210719s1982 xx 000 0 und d
020 _a0133163075
041 _aeng
082 _a658.15 HALF
100 _aHALLER (Leon)
245 _aFinancial resource management for nonprofit organizations.
260 _aNew Jersey
_bPrentice Hall
_c1982
300 _a191
_bHB
365 _cRs
650 _aFinancial Management
999 _c213549
_d213549